000 00513nam a22001697a 4500
999 _c6233
_d6233
003 GBCCL
005 20241126110559.0
008 180504b ||||| |||| 00| 0 eng d
040 _cgbc
082 _a811.54
_bRIC
100 _aRice, Helen Steiner
_d1900 - 1981
_911182
245 _aJust for you:
_bA special collection of inspirational verses /
_cHelen Steiner Rice
260 _aNew York:
_bDoubleday & Company,
_c1967
300 _a64 p.;
_c21 cm.
650 _aChristian poetry, American
_94166
942 _2ddc
_cBK